Chansons d'Indochine - Mort Subite - Statistiques

Statistiques générales
  • Ce quiz a été pris 681 fois
  • Le résultat moyen est 11 sur 18
Answers on the Grid
Answers color-coded by a green-red scale on the quiz's grid according to % correct below.
Le dernier jour
3 nuits par semaine
Un autre monde
Punishement Park
Qui a le droit
Black Page
Le vent nous portera
Nos célébrations
Respire
College Boy
Pink Water
Isabelle à les yeux bleus
J'ai demandé à la lune
Le fond de l'air est rouge
Un peu de ton amour
Le chant des cygnes
L'aventurier
3ème sexe
Poison
Paradize
Temps à nouveau
Peter Pan
Dunkerque
Dès que le vent soufflera
Les tzars
Un ange à ma table
On ira tous au paradis
Seul au paradis
 
Statistiques - réponses
Réponse % Correct
3 nuits par semaine
96%
L'aventurier
87%
J'ai demandé à la lune
86%
Nos célébrations
82%
3ème sexe
81%
Le chant des cygnes
68%
College Boy
67%
Punishement Park
57%
Les tzars
56%
Paradize
53%
Seul au paradis
51%
Un ange à ma table
49%
Pink Water
47%
Le dernier jour
44%
Black Page
43%
Dunkerque
38%
Le fond de l'air est rouge
36%
Peter Pan
35%
Aucun quiz correspondant
Distribution des résultats
% des personnes avec chaque résultat
Percentile par nombre de réponses
Votre historique - résultats
Vous n’avez pas pris ce quiz